| 000 | 01003nem a2200253 u 4500 | ||
|---|---|---|---|
| 005 | 20200104041745.0 | ||
| 008 | 160517b1984 CK ||||| |a|| 00| 0 spa d | ||
| 040 |
_aCO-BoIAVH _cCO-BoIAVH |
||
| 041 | _aspa | ||
| 044 | _ack | ||
| 090 |
_aMC- _b0244 |
||
| 110 | 2 |
_aInstituto de Investigación de Recursos Biológicos Alexander von Humboldt. _9204 |
|
| 245 | 1 |
_aRepublica de Colombia Departamento del Cesar _cInstituto Geográfico Agustín Codazzí, Ministerio de Hacienda y Crédito Público _h[Material Cartografico]/ |
|
| 255 | _a1:400.000 | ||
| 260 |
_aBogotá: _bIGAC, _c1984. |
||
| 300 |
_a1 mapa : _bcolor. ; _c1.01 x 73 cm |
||
| 650 | 1 | 6 |
_aHidrografía _zCesar (Colombia) _968528 |
| 650 | 1 | 6 |
_aInfraestructura _zCesar (Colombia) _968529 |
| 650 | 1 | 6 |
_aCarreteras _zCesar (Colombia) _968530 |
| 650 | 1 | 6 |
_aGeografía _zCesar (Colombia) _968531 |
| 650 | 1 | 6 |
_a Recursos de la tierra _zCesar (Colombia) _968532 |
| 710 | 1 |
_aColombia _bMinisterio de Hacienda y Crédito Público _968533 |
|
| 942 |
_2z _cMapa |
||
| 999 |
_c18603 _d18603 |
||